A Decembered grief : (Record no. 2660)

MARC details
000 -LEADER
fixed length control field 01116cam a22002894a 4500
001 - CONTROL NUMBER
control field 1686843
003 - CONTROL NUMBER IDENTIFIER
control field GBCCL
005 - DATE AND TIME OF LATEST TRANSACTION
control field 20241126110435.0
008 - FIXED-LENGTH DATA ELEMENTS--GENERAL INFORMATION
fixed length control field 990628s1999 mou b 000 0 eng
010 ## -
-- 99038154
020 ## - INTERNATIONAL STANDARD BOOK NUMBER
International Standard Book Number 083411819X
040 ## - CATALOGING SOURCE
Original cataloging agency DLC
Transcribing agency DLC
Modifying agency DLC
042 ## -
-- pcc
050 00 -
-- BV4905.2
-- .S587 1999
082 00 - DEWEY DECIMAL CLASSIFICATION NUMBER
Classification number 248.866
Edition information 21
Item number SMI
100 1# - MAIN ENTRY--PERSONAL NAME
Personal name Smith, Harold Ivan,
Dates associated with a name 1947-
9 (RLIN) 5604
245 12 - TITLE STATEMENT
Title A Decembered grief :
Remainder of title living with loss while others are celebrating /
Statement of responsibility, etc. Harold Ivan Smith.
260 ## - PUBLICATION, DISTRIBUTION, ETC.
Place of publication, distribution, etc. Kansas City, Mo. :
Name of publisher, distributor, etc. Beacon Hill Press of Kansas City,
Date of publication, distribution, etc. c1999.
300 ## - PHYSICAL DESCRIPTION
Extent 134 p. ;
Dimensions 21 cm.
504 ## - BIBLIOGRAPHY, ETC. NOTE
Bibliography, etc. note Includes bibliographical references (p. 132-134).
650 #0 - SUBJECT ADDED ENTRY--TOPICAL TERM
Topical term or geographic name entry element Bereavement
General subdivision Religious aspects
-- Christianity.
9 (RLIN) 5489
650 #0 - SUBJECT ADDED ENTRY--TOPICAL TERM
Topical term or geographic name entry element Grief
General subdivision Religious aspects
-- Christianity.
9 (RLIN) 5605
650 #0 - SUBJECT ADDED ENTRY--TOPICAL TERM
Topical term or geographic name entry element Christmas
General subdivision Psychological aspects.
9 (RLIN) 5606
906 ## - LOCAL DATA ELEMENT F, LDF (RLIN)
a 7
b cbc
c orignew
d 1
e ocip
f 19
g y-gencatlg
942 ## - ADDED ENTRY ELEMENTS (KOHA)
Source of classification or shelving scheme Dewey Decimal Classification
Koha item type Books
Holdings
Withdrawn status Lost status Source of classification or shelving scheme Damaged status Not for loan Home library Current Library Shelving location Date acquired Total checkouts Full call number Barcode Date last seen Date last checked out Copy number Price effective from Koha item type
    Dewey Decimal Classification     GRACE BIBLE COLLEGE GRACE BIBLE COLLEGE Ministry & Mission 2017-09-11 1 248.866 SMI 011108 2025-05-01 2024-12-09 c.1 2017-09-11 Books
    Dewey Decimal Classification     GRACE BIBLE COLLEGE GRACE BIBLE COLLEGE Ministry & Mission 2017-09-11   248.866 SMI 011113 2025-05-01   c.6 2017-09-11 Books
    Dewey Decimal Classification     GRACE BIBLE COLLEGE GRACE BIBLE COLLEGE Ministry & Mission 2017-09-11   248.866 SMI 011114 2025-05-01   c.7 2017-09-11 Books
    Dewey Decimal Classification     GRACE BIBLE COLLEGE GRACE BIBLE COLLEGE Ministry & Mission 2017-09-11   248.866 SMI 011116 2025-05-01   c.9 2017-09-11 Books
    Dewey Decimal Classification     GRACE BIBLE COLLEGE GRACE BIBLE COLLEGE Ministry & Mission 2017-11-30   248.866 SMI 011109 2025-05-01   c.2 2017-11-30 Books
    Dewey Decimal Classification     GRACE BIBLE COLLEGE GRACE BIBLE COLLEGE Ministry & Mission 2017-11-30   248.866 SMI 011110 2025-05-01   c.3 2017-11-30 Books
    Dewey Decimal Classification     GRACE BIBLE COLLEGE GRACE BIBLE COLLEGE Ministry & Mission 2017-11-30   248.866 SMI 011111 2025-05-01   c.4 2017-11-30 Books
    Dewey Decimal Classification     GRACE BIBLE COLLEGE GRACE BIBLE COLLEGE Ministry & Mission 2017-11-30   248.866 SMI 011115 2025-05-01   c.8 2017-11-30 Books
    Dewey Decimal Classification     GRACE BIBLE COLLEGE GRACE BIBLE COLLEGE Ministry & Mission 2018-03-05   248.866 SMI 011112 2025-05-01   c.5 2018-03-05 Books
© Grace Bible College Library 2025